A treatise on the law and practice of arbitrations and awards for surveyors, valuers, auctioneers and estate agents (Record no. 85677)

MARC details
000 -LEADER
fixed length control field 00598cam a2200217 4500
001 - CONTROL NUMBER
control field D6560
008 - FIXED-LENGTH DATA ELEMENTS--GENERAL INFORMATION
fixed length control field 090401t1965 xxu||||| |||| 00| 0 eng d
035 ## - SYSTEM CONTROL NUMBER
System control number (Sirsi) u1480
041 ## - LANGUAGE CODE
Language code of text/sound track or separate title eng
050 ## - LIBRARY OF CONGRESS CALL NUMBER
Classification number 347.4109
100 ## - MAIN ENTRY--PERSONAL NAME
Personal name Lawrance, David M
245 #2 - TITLE STATEMENT
Title A treatise on the law and practice of arbitrations and awards for surveyors, valuers, auctioneers and estate agents
250 ## - EDITION STATEMENT
Edition statement 10th
260 ## - PUBLICATION, DISTRIBUTION, ETC.
Place of publication, distribution, etc. London
Name of publisher, distributor, etc. Estates Gazette
Date of publication, distribution, etc. 1965
300 ## - PHYSICAL DESCRIPTION
Extent xxiv. 254p. 21cm
350 ## - PRICE (NR) (BK AM CF MU VM SE) [OBSOLETE]
Price 2.38
700 ## - ADDED ENTRY--PERSONAL NAME
Personal name Soper, P.H.
700 ## - ADDED ENTRY--PERSONAL NAME
Personal name Williams, J Melville
942 ## - ADDED ENTRY ELEMENTS (KOHA)
Suppress in OPAC 0
948 ## - LOCAL PROCESSING INFORMATION (OCLC); SERIES PART DESIGNATOR (RLIN)
c (OCLC) 04/03/1997
Holdings
Withdrawn status Lost status Source of classification or shelving scheme Damaged status Not for loan Home library Current library Shelving location Date acquired Cost, normal purchase price Total Checkouts Full call number Barcode Date last seen Copy number Cost, replacement price Price effective from Koha item type
    Dewey Decimal Classification     London London Basement 14/09/1999 2.38   SHELF 320 30007430 06/08/2019 1 2.38 06/08/2019 Reference material